<?xml version="1.0" encoding="UTF-8"?>
<marc:record xmlns:marc="http://www.loc.gov/MARC21/slim">
   <marc:leader>00000nam a2200000 a 4500</marc:leader>
   <marc:datafield ind1="1" ind2=" " tag="100">
      <marc:subfield code="a">Kohl, Margit</marc:subfield>
      <marc:subfield code="4">aut</marc:subfield>
      <marc:subfield code="e">Verfasser/-in</marc:subfield>
   </marc:datafield>
   <marc:datafield ind1="1" ind2=" " tag="100">
      <marc:subfield code="a">Wöbcke, Manfred</marc:subfield>
      <marc:subfield code="4">aut</marc:subfield>
      <marc:subfield code="e">Verfasser/-in</marc:subfield>
   </marc:datafield>
   <marc:datafield ind1="1" ind2=" " tag="100">
      <marc:subfield code="a">Müller-Wöbcke, Birgit</marc:subfield>
      <marc:subfield code="4">aut</marc:subfield>
      <marc:subfield code="e">Verfasser/-in</marc:subfield>
   </marc:datafield>
   <marc:datafield ind1=" " ind2=" " tag="653">
      <marc:subfield code="a">Al Ain</marc:subfield>
   </marc:datafield>
   <marc:datafield ind1=" " ind2=" " tag="653">
      <marc:subfield code="a">Ferrari World</marc:subfield>
   </marc:datafield>
   <marc:datafield ind1=" " ind2=" " tag="653">
      <marc:subfield code="a">Fujairah-Stadt</marc:subfield>
   </marc:datafield>
   <marc:datafield ind1=" " ind2=" " tag="653">
      <marc:subfield code="a">Hatta</marc:subfield>
   </marc:datafield>
   <marc:datafield ind1=" " ind2=" " tag="653">
      <marc:subfield code="a">Liwa</marc:subfield>
   </marc:datafield>
   <marc:datafield ind1=" " ind2=" " tag="653">
      <marc:subfield code="a">Sharjah-Stadt</marc:subfield>
   </marc:datafield>
   <marc:datafield ind1=" " ind2=" " tag="653">
      <marc:subfield code="a">Abu Dhabi</marc:subfield>
   </marc:datafield>
   <marc:datafield ind1=" " ind2=" " tag="653">
      <marc:subfield code="a">Kamele</marc:subfield>
   </marc:datafield>
   <marc:datafield ind1=" " ind2=" " tag="653">
      <marc:subfield code="a">Digdagga</marc:subfield>
   </marc:datafield>
   <marc:datafield ind1=" " ind2=" " tag="653">
      <marc:subfield code="a">Ajman</marc:subfield>
   </marc:datafield>
   <marc:datafield ind1=" " ind2=" " tag="653">
      <marc:subfield code="a">Softcover / Reisen/Reiseführer/Naher Osten</marc:subfield>
   </marc:datafield>
   <marc:datafield ind1="0" ind2="0" tag="245">
      <marc:subfield code="a">Baedeker Reiseführer Dubai, VAE</marc:subfield>
   </marc:datafield>
   <marc:datafield ind1="0" ind2="0" tag="245">
      <marc:subfield code="b">mit praktischer Karte EASY ZIP</marc:subfield>
   </marc:datafield>
   <marc:datafield ind1="0" ind2="0" tag="245">
      <marc:subfield code="c">Margit Kohl, Manfred Wöbcke, Birgit Müller-Wöbcke</marc:subfield>
   </marc:datafield>
   <marc:datafield ind1=" " ind2="1" tag="264">
      <marc:subfield code="a">Ostfildern</marc:subfield>
      <marc:subfield code="b">MAIRDUMONT</marc:subfield>
      <marc:subfield code="c">2020</marc:subfield>
   </marc:datafield>
   <marc:datafield ind1="1" ind2=" " tag="490">
      <marc:subfield code="a">Baedeker Reiseführer</marc:subfield>
   </marc:datafield>
   <marc:datafield ind1=" " ind2=" " tag="250">
      <marc:subfield code="a">8. Auflage</marc:subfield>
   </marc:datafield>
   <marc:datafield ind1="1" ind2=" " tag="520">
      <marc:subfield code="a">Angaben aus der Verlagsmeldung

Baedeker Reiseführer Dubai, VAE : mit praktischer Karte EASY ZIP / von Margit Kohl, Manfred Wöbcke, Birgit Müller-Wöbcke

Wie die Stadt der Zukunft wohl aussieht? Nirgends lässt sich das besser in Augenschein nehmen als in Dubai, wo die größten Bauvorhaben der Jetztzeit umgesetzt werden. Für die einen sind sie Ausgeburten menschlichen Größenwahns, für die anderen zukunftsweisende Wunderwerke der modernen Architektur. Und wer könnte diese Architektur besser erklären als jene Experten, die selbst aktiv an der Gestaltung der Region beteiligt sind? Der neue Baedeker verrät Ihnen, wie Sie auf deren versierte Anleitung zurückgreifen können.
Was bringt Menschen eigentlich dazu, Dinge zu kaufen, die sie nicht zwingend brauchen? Vielleicht findet sich in der gigantischen Dubai Mall, mit über 1000 Geschäften und rund 350 000 m² Verkaufsfläche eines der größten Einkaufszentren des Planeten, eine Antwort auf diese spannende Frage? Bahnen Sie sich mit dem Baedeker Dubai Ihren zielsicheren Weg durch das vielfältige Unterhaltungsangebot der riesenhaften Mall und haben Sie Spaß an Prunk, Luxus und Überschwang!
Nicht unbedingt augenscheinliche, vielmehr magische Momente stehen beim neuen Baedeker im Fokus. Einen leibhaftigen Falken vom eigenen ausgestreckten Arm abfliegen und – nachdem er seine Runden über der Wüste gedreht hat – auch dort wieder landen zu lassen, das mag so ein besonderer Augenblick sein. Die eher materielle Belohnung für das majestätische Wesen fällt üppig aus, auch der Vogel braucht ja seinen magischen Moment …
</marc:subfield>
   </marc:datafield>
   <marc:datafield ind1=" " ind2=" " tag="020">
      <marc:subfield code="a">9783829747325</marc:subfield>
      <marc:subfield code="9">9783829747325</marc:subfield>
   </marc:datafield>
   <marc:datafield ind1=" " ind2=" " tag="020">
      <marc:subfield code="a">3829747322</marc:subfield>
      <marc:subfield code="9">3829747322</marc:subfield>
   </marc:datafield>
   <marc:datafield ind1=" " ind2=" " tag="041">
      <marc:subfield code="a">ger</marc:subfield>
   </marc:datafield>
   <marc:datafield ind1=" " ind2=" " tag="300">
      <marc:subfield code="a">298 Seiten</marc:subfield>
   </marc:datafield>
</marc:record>
